El público : amor y muerte en la obra de Federico García Lorca /
Ensayo sobre una obra de teatro inconclusa de Federico García Lorca (1898-1936), poeta y dramaturgo español, llamada El público. El manuscrito fue compuesto en su estancia en Nueva York y La Habana, y es atrevida para la época en la que fue escrita. El autor de este estudio, irrumpe en terrenos crít...
Gespeichert in:
| 1. Verfasser: | |
|---|---|
| Format: | Buch |
| Sprache: | Spanisch |
| Veröffentlicht: |
México :
Joaquín Mortiz,
1974, c1974
|
| Ausgabe: | Nueva ed. |
| Schriftenreihe: | (Confrontaciones. Los Críticos)
|
| Schlagworte: | |
| Tags: |
Keine Tags, Fügen Sie das erste Tag hinzu!
|
MARC
| LEADER | 00000nam^a2200000^a^4500 | ||
|---|---|---|---|
| 001 | 000185225 | ||
| 005 | 20250521000000.0 | ||
| 009 | 20260310102144.342 | ||
| 037 | |a Acervo ITESO - Biblioteca | ||
| 041 | |a ESP | ||
| 082 | |a 860. 94608 |b MAR | ||
| 100 | |a Martínez Nadal, Rafael |e (autor) | ||
| 245 | 1 | 3 | |a El público : |b amor y muerte en la obra de Federico García Lorca / |c R. Martínez Nadal. |
| 250 | |a Nueva ed. | ||
| 264 | 4 | |a México : |b Joaquín Mortiz, |c 1974, c1974 | |
| 300 | |a 293 p. | ||
| 336 | |a texto |b txt |2 rdacontenido | ||
| 337 | |a sin mediación |b n |2 rdamedio | ||
| 338 | |a volumen |b nc |2 rdasoporte | ||
| 440 | 1 | |a (Confrontaciones. |p Los Críticos) | |
| 520 | |a Ensayo sobre una obra de teatro inconclusa de Federico García Lorca (1898-1936), poeta y dramaturgo español, llamada El público. El manuscrito fue compuesto en su estancia en Nueva York y La Habana, y es atrevida para la época en la que fue escrita. El autor de este estudio, irrumpe en terrenos críticos y analíticos de los escritos de Lorca, en los que, temas como el amor, la muerte, los caballos y el teatro desentrañan una obra siempre novedosa del escritor granadino. | ||
| 649 | |a XX | ||
| 650 | |a Escritores Españoles | ||
| 650 | |a Teatro Español - |x Historia y Crítica | ||
| 650 | |a Literatura Española - |y Siglo XX | ||
| 650 | |a Literatura Española - |x Historia y Crítica | ||
| 650 | |a Amor en la Literatura | ||
| 650 | |a Muerte en la Literatura | ||
| 650 | |a García Lorca, Federico | ||
| 910 | |a Fondo General | ||
| 920 | |a Impresos - Libros | ||
| 930 | |a Colección General | ||
| 940 | |a Literatura | ||
| 905 | |a 101 | ||
| 901 | |a 0500126321 |b IT1 |c LIT |u 20250521 | ||
| 902 | |a https://opac.biblio.iteso.mx/vufind/Record/000185225 | ||